[Event "SS Manhem op"]
[Site "Goeteborg SWE"]
[Date "2017.08.19"]
[Round "5.1"]
[White "Golubka, Petro"]
[Black "Rosberg, Simon"]
[Result "1-0"]
[WhiteElo "2445"]
[BlackElo "2318"]
[WhiteFideId "-1"]
[BlackFideId "-1"]
[PlyCount "141"]
[GameId "2129404769432479"]
[EventDate "2017.08.18"]
[EventType "swiss"]
[EventRounds "8"]
[EventCountry "SWE"]
[SourceTitle "10 Days #517"]
[Source "Chess Mix"]
[SourceDate "2017.09.01"]
[SourceVersion "1"]
[SourceVersionDate "2017.09.01"]
[SourceQuality "1"]
[WhiteClock "0:23:11"]
[BlackClock "0:04:21"]

1. d4 d5 2. Nf3 Nf6 3. c4 c6 4. Nc3 dxc4 5. a4 Bf5 6. Ne5 Nbd7 7. Nxc4 Nb6 8. Ne5 a5 9. f3 Nfd7 10. e4 Nxe5 11. dxe5 Qxd1+ 12. Kxd1 Be6 13. Kc2 f6 14. Rb1 fxe5 15. b4 Nc4 16. b5 O-O-O 17. bxc6 bxc6 18. Nd1 Kc7 19. Ne3 Nb6 20. Bd2 Ra8 21. Bc3 Nxa4 22. Bxe5+ Kd8 23. Nf5 Nc5 24. Nd4 Bd7 25. Bc4 e6 26. Rhd1 Ke8 27. f4 Be7 28. f5 Bf6 29. Bxf6 gxf6 30. fxe6 Bc8 31. Nxc6 Bxe6 32. Bxe6 Nxe6 33. Rb7 Nc5 34. Re7+ Kf8 35. Rf1 Rc8 36. Rxf6+ Kg8 37. Kb1 Rf8 38. Rf5 Rxf5 39. exf5 Kf8 40. Ra7 Rg8 41. Ra8+ Kg7 42. f6+ Kh8 43. Nd8 h5 44. Rxa5 Rxd8 45. Rxc5 Kh7 46. Rxh5+ Kg6 47. Rc5 Kxf6 48. Kc1 Rg8 49. Rc2 Rh8 50. h3 Kg5 51. Kd2 Kf4 52. Rc4+ Kg5 53. Rg4+ Kf5 54. Ke3 Ra8 55. Kf2 Ra3 56. Kg1 Rb3 57. Kh2 Ra3 58. Rb4 Rc3 59. h4 Ra3 60. g3 Rc3 61. Kh3 Ra3 62. Rb5+ Kg6 63. h5+ Kh6 64. Kh4 Ra4+ 65. g4 Rc4 66. Rb6+ Kg7 67. h6+ Kh7 68. Kh5 Rc5+ 69. g5 Rc1 70. g6+ Kg8 71. Rb8+ 1-0

[Event "SS Manhem op"]
[Site "Goeteborg SWE"]
[Date "2017.08.19"]
[Round "6.1"]
[White "Ziegler, Ari"]
[Black "Golubka, Petro"]
[Result "0-1"]
[WhiteElo "2318"]
[BlackElo "2445"]
[WhiteFideId "-1"]
[BlackFideId "-1"]
[PlyCount "110"]
[GameId "2129404769432489"]
[EventDate "2017.08.18"]
[EventType "swiss"]
[EventRounds "8"]
[EventCountry "SWE"]
[SourceTitle "10 Days #517"]
[Source "Chess Mix"]
[SourceDate "2017.09.01"]
[SourceVersion "1"]
[SourceVersionDate "2017.09.01"]
[SourceQuality "1"]
[WhiteClock "0:01:21"]
[BlackClock "0:37:02"]

1. d4 d5 2. Bf4 Bg4 3. h3 Bh5 4. Nd2 c5 5. Bxb8 Rxb8 6. c3 e6 7. Qa4+ b5 8. Qxa7 c4 9. b4 Ne7 10. Qa3 Nc6 11. Ngf3 Bd6 12. e3 O-O 13. Be2 f6 14. Qc1 e5 15. a3 e4 16. Ng1 Bf7 17. Bd1 f5 18. Ne2 g5 19. g3 Bh5 20. a4 bxa4 21. Rxa4 f4 22. gxf4 Bxe2 23. Bxe2 gxf4 24. Ra6 Ne7 25. Rg1+ Kh8 26. Bg4 Ng6 27. Kd1 Nh4 28. Kc2 Be7 29. Qe1 Bg5 30. Nf1 Qe7 31. exf4 Rxf4 32. Ne3 Qf7 33. Nd1 Rf6 34. Ra5 h6 35. Kb1 Rf3 36. Rg3 Rf6 37. Ra2 Qb7 38. Rg1 Ng6 39. Rh1 Ra6 40. Rxa6 Qxa6 41. Nb2 Nf4 42. h4 Be7 43. Qd2 Bd6 44. Bd1 Qa3 45. Rg1 Ra8 46. Na4 Kh7 47. Qa2 Bxb4 48. cxb4 Qxb4+ 49. Qb2 Qe7 50. Qb5 Ra7 51. Ka2 Qxh4 52. Rg3 Qh2 53. Qb2 Nd3 54. Qd2 Rf7 55. Re3 Rxf2 0-1

[Event "SS Manhem op"]
[Site "Goeteborg SWE"]
[Date "2017.08.20"]
[Round "7.1"]
[White "Golubka, Petro"]
[Black "Hillarp Persson, Tiger"]
[Result "1/2-1/2"]
[WhiteElo "2445"]
[BlackElo "2522"]
[WhiteFideId "-1"]
[BlackFideId "-1"]
[PlyCount "31"]
[GameId "2129404769432499"]
[EventDate "2017.08.18"]
[EventType "swiss"]
[EventRounds "8"]
[EventCountry "SWE"]
[SourceTitle "10 Days #517"]
[Source "Chess Mix"]
[SourceDate "2017.09.01"]
[SourceVersion "1"]
[SourceVersionDate "2017.09.01"]
[SourceQuality "1"]
[WhiteClock "1:06:47"]
[BlackClock "0:42:17"]

1. d4 f5 2. Nf3 Nf6 3. g3 e6 4. Bg2 d5 5. c4 Be7 6. O-O O-O 7. Na3 Ne4 8. Ne5 Nd7 9. Nxd7 Qxd7 10. cxd5 exd5 11. Bf4 b6 12. Rc1 c5 13. Be5 c4 14. f3 Nf6 15. e4 b5 16. exf5 1/2-1/2

[Event "SS Manhem op"]
[Site "Goeteborg SWE"]
[Date "2017.08.20"]
[Round "8.1"]
[White "Rydstrom, Tom"]
[Black "Golubka, Petro"]
[Result "0-1"]
[WhiteElo "2301"]
[BlackElo "2445"]
[WhiteFideId "-1"]
[BlackFideId "-1"]
[PlyCount "50"]
[GameId "2129404769432509"]
[EventDate "2017.08.18"]
[EventType "swiss"]
[EventRounds "8"]
[EventCountry "SWE"]
[SourceTitle "10 Days #517"]
[Source "Chess Mix"]
[SourceDate "2017.09.01"]
[SourceVersion "1"]
[SourceVersionDate "2017.09.01"]
[SourceQuality "1"]
[WhiteClock "0:09:17"]
[BlackClock "0:37:51"]

1. e4 c5 2. Nf3 d6 3. d4 cxd4 4. Nxd4 Nf6 5. Nc3 Nc6 6. Bg5 e6 7. Qd2 a6 8. O-O-O Bd7 9. f4 Be7 10. Nf3 h6 11. Bh4 Rc8 12. e5 dxe5 13. fxe5 Nd5 14. Bxe7 Ncxe7 15. Ne4 O-O 16. Kb1 b5 17. Bd3 b4 18. h4 Bb5 19. Rh3 Bxd3 20. cxd3 Qb6 21. Nf6+ gxf6 22. Qxh6 Qf2 23. Ka1 Nf5 24. Qh5 Ng7 25. Qh6 Qe3 0-1

[Event "SS Manhem GM"]
[Site "Goeteborg SWE"]
[Date "2017.08.12"]
[Round "1.1"]
[White "Andersson, Tommy"]
[Black "Golubka, Petro"]
[Result "1/2-1/2"]
[WhiteElo "2414"]
[BlackElo "2445"]
[WhiteFideId "-1"]
[BlackFideId "-1"]
[PlyCount "56"]
[GameId "2129404769580848"]
[EventDate "2017.08.11"]
[EventType "tourn"]
[EventRounds "9"]
[EventCountry "SWE"]
[EventCategory "8"]
[SourceTitle "10 Days #517"]
[Source "Chess Mix"]
[SourceDate "2017.09.01"]
[SourceVersion "1"]
[SourceVersionDate "2017.09.01"]
[SourceQuality "1"]
[WhiteClock "0:12:18"]
[BlackClock "0:20:25"]

1. d4 e6 2. c4 b6 3. Nf3 Bb7 4. Nc3 f5 5. g3 Nf6 6. Bg2 g6 7. d5 Bg7 8. O-O O-O 9. Bf4 Na6 10. Qd2 Nc5 11. Rad1 Re8 12. dxe6 Nxe6 13. Bh6 Ne4 14. Nxe4 fxe4 15. Ne1 Qf6 16. Bxg7 Nxg7 17. Bh3 Rad8 18. Qc2 Qf7 19. Ng2 Nh5 20. Qa4 Bc6 21. Qxa7 d6 22. Qa3 Ra8 23. Qc3 Rxa2 24. Ne3 Qg7 25. Rd4 Kh8 26. Bg2 Nf6 27. Rc1 h5 28. h4 Re7 1/2-1/2

[Event "SS Manhem GM"]
[Site "Goeteborg SWE"]
[Date "2017.08.13"]
[Round "2.2"]
[White "Golubka, Petro"]
[Black "Hillarp Persson, Tiger"]
[Result "1-0"]
[WhiteElo "2445"]
[BlackElo "2522"]
[WhiteFideId "-1"]
[BlackFideId "-1"]
[PlyCount "85"]
[GameId "2129404769580854"]
[EventDate "2017.08.11"]
[EventType "tourn"]
[EventRounds "9"]
[EventCountry "SWE"]
[EventCategory "8"]
[SourceTitle "10 Days #517"]
[Source "Chess Mix"]
[SourceDate "2017.09.01"]
[SourceVersion "1"]
[SourceVersionDate "2017.09.01"]
[SourceQuality "1"]
[WhiteClock "0:39:48"]
[BlackClock "0:21:51"]

1. d4 Nf6 2. c4 e6 3. Nf3 d5 4. Nc3 a6 5. cxd5 exd5 6. Bg5 Be6 7. e3 Nbd7 8. Bd3 h6 9. Bh4 g5 10. Bg3 Nh5 11. Qc2 Nxg3 12. hxg3 Bg7 13. O-O-O Nb6 14. Kb1 Qd6 15. Rde1 O-O-O 16. Nd2 Bf8 17. f4 Kb8 18. Nf3 Bg7 19. Ne5 f6 20. Nf3 Rhe8 21. Nd2 Bf8 22. Nb3 Bf7 23. Nc5 Nc4 24. Qf2 Qc6 25. e4 Bxc5 26. dxc5 d4 27. Nd5 Bxd5 28. exd5 Qxd5 29. Rc1 Ne3 30. c6 Rd6 31. cxb7 Rb6 32. b3 a5 33. Ka1 Qd6 34. Qd2 Kxb7 35. Qxa5 Ra8 36. Rxc7+ Kxc7 37. Qxa8 Qc5 38. Kb1 Rb8 39. Qa6 Nd5 40. Rxh6 Nc3+ 41. Ka1 Rd8 42. Rxf6 Rd7 43. b4 1-0

[Event "SS Manhem GM"]
[Site "Goeteborg SWE"]
[Date "2017.08.13"]
[Round "3.2"]
[White "Von Bahr, Oskar"]
[Black "Golubka, Petro"]
[Result "1-0"]
[WhiteElo "2433"]
[BlackElo "2445"]
[WhiteFideId "-1"]
[BlackFideId "-1"]
[PlyCount "123"]
[GameId "2129404769580859"]
[EventDate "2017.08.11"]
[EventType "tourn"]
[EventRounds "9"]
[EventCountry "SWE"]
[EventCategory "8"]
[SourceTitle "10 Days #517"]
[Source "Chess Mix"]
[SourceDate "2017.09.01"]
[SourceVersion "1"]
[SourceVersionDate "2017.09.01"]
[SourceQuality "1"]
[WhiteClock "0:31:38"]
[BlackClock "0:25:57"]

1. e4 e5 2. Nf3 Nc6 3. Bb5 a6 4. Ba4 Nf6 5. d3 b5 6. Bb3 Be7 7. O-O O-O 8. Nc3 d6 9. a3 Bg4 10. Be3 Qd7 11. h3 Bh5 12. Nd5 Na5 13. Ba2 Nxd5 14. Bxd5 c6 15. Ba2 Bg6 16. Nh2 d5 17. Qf3 dxe4 18. dxe4 Nc4 19. Bxc4 bxc4 20. Rad1 Qe6 21. Bd2 f5 22. exf5 Bxf5 23. Qc3 Kh8 24. Rde1 Qg6 25. Ng4 Bxg4 26. hxg4 Qxg4 27. f3 Bc5+ 28. Be3 Bxe3+ 29. Qxe3 Qd4 30. c3 Qd7 31. Qf2 Rae8 32. Re4 Rf4 33. Rfe1 Rxe4 34. Rxe4 Qd1+ 35. Qf1 Qd2 36. Re2 Qd5 37. Re4 Rb8 38. Qe2 Rb5 39. a4 Rc5 40. f4 Qe6 41. fxe5 Kg8 42. Qe3 Rd5 43. Qe2 Rd3 44. Qg4 Qxg4 45. Rxg4 Rd5 46. Rxc4 c5 47. e6 Kf8 48. Rf4+ Ke7 49. Rf7+ Kxe6 50. Rxg7 Rd2 51. b4 cxb4 52. cxb4 Rd4 53. Rxh7 Rxb4 54. Rh6+ Kf7 55. Rxa6 Kg7 56. Kh2 Kf7 57. Kh3 Kg7 58. g4 Rb3+ 59. Kh4 Ra3 60. Kg5 Kf7 61. Ra7+ Ke6 62. Kg6 1-0

[Event "SS Manhem GM"]
[Site "Goeteborg SWE"]
[Date "2017.08.14"]
[Round "4.5"]
[White "Golubka, Petro"]
[Black "Rydstrom, Tom"]
[Result "1-0"]
[WhiteElo "2445"]
[BlackElo "2301"]
[WhiteFideId "-1"]
[BlackFideId "-1"]
[PlyCount "65"]
[GameId "2129404769580867"]
[EventDate "2017.08.11"]
[EventType "tourn"]
[EventRounds "9"]
[EventCountry "SWE"]
[EventCategory "8"]
[SourceTitle "10 Days #517"]
[Source "Chess Mix"]
[SourceDate "2017.09.01"]
[SourceVersion "1"]
[SourceVersionDate "2017.09.01"]
[SourceQuality "1"]
[WhiteClock "0:31:08"]
[BlackClock "0:00:31"]

1. d4 d5 2. Nf3 Nf6 3. c4 c6 4. Nc3 e6 5. e3 Nbd7 6. Qc2 Bd6 7. Bd3 O-O 8. O-O h6 9. b3 Qe7 10. e4 dxe4 11. Nxe4 Nxe4 12. Bxe4 c5 13. Bb2 Nf6 14. Rad1 Nxe4 15. Qxe4 b6 16. Rfe1 Bb7 17. d5 Qc7 18. Qg4 f5 19. Qg6 exd5 20. cxd5 Rad8 21. Ne5 Bxe5 22. Rxe5 Qf7 23. Qg3 Rd7 24. h4 Rfd8 25. d6 f4 26. Qd3 Rf8 27. Rde1 Rfd8 28. Re7 Qh5 29. R1e5 Qg4 30. f3 Qg3 31. Rxd7 Rxd7 32. Qf5 Rd8 33. Re7 {time forfeit} 1-0

[Event "SS Manhem GM"]
[Site "Goeteborg SWE"]
[Date "2017.08.15"]
[Round "5.3"]
[White "Rozentalis, Eduardas"]
[Black "Golubka, Petro"]
[Result "1/2-1/2"]
[WhiteElo "2517"]
[BlackElo "2445"]
[WhiteFideId "-1"]
[BlackFideId "-1"]
[PlyCount "79"]
[GameId "2129404769580870"]
[EventDate "2017.08.11"]
[EventType "tourn"]
[EventRounds "9"]
[EventCountry "SWE"]
[EventCategory "8"]
[SourceTitle "10 Days #517"]
[Source "Chess Mix"]
[SourceDate "2017.09.01"]
[SourceVersion "1"]
[SourceVersionDate "2017.09.01"]
[SourceQuality "1"]
[WhiteClock "0:01:56"]
[BlackClock "0:32:37"]

1. e4 c5 2. Nf3 Nc6 3. Bb5 e6 4. O-O Nge7 5. Re1 a6 6. Bxc6 Nxc6 7. d4 cxd4 8. Nxd4 d6 9. Nxc6 bxc6 10. b3 Be7 11. Bb2 O-O 12. c4 f6 13. Nc3 e5 14. Qd2 Be6 15. Rad1 Qc7 16. Na4 d5 17. cxd5 cxd5 18. exd5 Rfd8 19. Qc3 Qxc3 20. Bxc3 Rxd5 21. Rxd5 Bxd5 22. Nb6 Rd8 23. Nxd5 Rxd5 24. Kf1 Kf7 25. Ke2 Ke6 26. f3 Rc5 27. Kd3 Rd5+ 28. Kc2 Bc5 29. Re4 Kd7 30. Rh4 h6 31. Rg4 Bf8 32. Ra4 Rd6 33. g4 g6 34. Rc4 Rd5 35. h3 Rb5 36. a4 Rd5 37. b4 Be7 38. Re4 f5 39. gxf5 gxf5 40. Rxe5 1/2-1/2

[Event "SS Manhem GM"]
[Site "Goeteborg SWE"]
[Date "2017.08.16"]
[Round "6.4"]
[White "Golubka, Petro"]
[Black "Antonsen, Mikkel"]
[Result "1-0"]
[WhiteElo "2445"]
[BlackElo "2440"]
[WhiteFideId "-1"]
[BlackFideId "-1"]
[PlyCount "95"]
[GameId "2129404769580876"]
[EventDate "2017.08.11"]
[EventType "tourn"]
[EventRounds "9"]
[EventCountry "SWE"]
[EventCategory "8"]
[SourceTitle "10 Days #517"]
[Source "Chess Mix"]
[SourceDate "2017.09.01"]
[SourceVersion "1"]
[SourceVersionDate "2017.09.01"]
[SourceQuality "1"]
[WhiteClock "0:14:55"]
[BlackClock "0:08:26"]

1. d4 Nf6 2. c4 e6 3. Nf3 d5 4. Nc3 Be7 5. Bg5 h6 6. Bxf6 Bxf6 7. e3 O-O 8. Qd2 c5 9. cxd5 cxd4 10. Nxd4 exd5 11. Bb5 Qd6 12. Be2 Be6 13. Rd1 Nc6 14. Ndb5 Qe5 15. f4 Qb8 16. Nxd5 Bxd5 17. Qxd5 Bxb2 18. Kf2 a6 19. Nd6 Qc7 20. Qe4 Ba3 21. Bd3 g6 22. Nxf7 Rxf7 23. Qxg6+ Rg7 24. Bc4+ Kh8 25. Qxh6+ Rh7 26. Qf6+ Qg7 27. Qxg7+ Rxg7 28. Rd5 Re8 29. Rhd1 b5 30. Rh5+ Rh7 31. Bf7 Re7 32. Rxh7+ Kxh7 33. Bd5 Nb4 34. Bb3 a5 35. f5 a4 36. Be6 Rc7 37. Kf3 Nc2 38. g4 Bc5 39. g5 Bxe3 40. h4 b4 41. Ke4 Bf2 42. Rd2 Be1 43. Rd8 Re7 44. f6 Rxe6+ 45. Kf5 Nd4+ 46. Rxd4 Re2 47. Rd7+ Kg8 48. Rd8+ 1-0

[Event "SS Manhem GM"]
[Site "Goeteborg SWE"]
[Date "2017.08.16"]
[Round "7.2"]
[White "Westerberg, Jonathan"]
[Black "Golubka, Petro"]
[Result "1-0"]
[WhiteElo "2488"]
[BlackElo "2445"]
[WhiteFideId "-1"]
[BlackFideId "-1"]
[PlyCount "191"]
[GameId "2129404769580879"]
[EventDate "2017.08.11"]
[EventType "tourn"]
[EventRounds "9"]
[EventCountry "SWE"]
[EventCategory "8"]
[SourceTitle "10 Days #517"]
[Source "Chess Mix"]
[SourceDate "2017.09.01"]
[SourceVersion "1"]
[SourceVersionDate "2017.09.01"]
[SourceQuality "1"]
[WhiteClock "0:01:28"]
[BlackClock "0:17:10"]

1. e4 c5 2. Nc3 Nc6 3. f4 e6 4. Nf3 a6 5. d4 cxd4 6. Nxd4 Nge7 7. Be3 b5 8. Nxc6 Nxc6 9. Bd3 Bb7 10. O-O Be7 11. Qh5 g6 12. Qh3 Qc7 13. a4 b4 14. Nb1 O-O 15. Nd2 Rae8 16. f5 exf5 17. exf5 Ne5 18. Bh6 Qc6 19. Bxf8 Bxf8 20. Ne4 Bg7 21. Rae1 b3 22. fxg6 fxg6 23. Nc3 Re6 24. Be4 Qb6+ 25. Kh1 bxc2 26. Bxc2 h5 27. Ne4 Ng4 28. Bb3 d5 29. Qf3 Kh8 30. Qf7 Ne5 31. a5 Qc6 32. Ng5 Nxf7 33. Rxe6 Nxg5 34. Rxc6 Bxc6 35. Rc1 Bb5 36. Rc8+ Kh7 37. Bxd5 h4 38. Bc4 Bd7 39. Rc7 Bf5 40. Bxa6 Kh6 41. Rxg7 Kxg7 42. Bb7 Ne6 43. a6 Nc7 44. a7 Kf6 45. a8=Q Nxa8 46. Bxa8 Ke5 47. Kg1 Kd4 48. Kf2 g5 49. Ke2 Be6 50. Kd2 Bf5 51. Bc6 Kc5 52. Be8 Be4 53. g3 hxg3 54. hxg3 Kd4 55. b4 Kc4 56. Ke3 Bf5 57. b5 Kc5 58. Bc6 Bg6 59. Bd7 Kd6 60. Bg4 Kc5 61. Be2 Bh7 62. Bd3 Bg8 63. Kf3 Be6 64. Ke4 g4 65. Be2 Bd7 66. Ke5 Bc8 67. Kf6 Bd7 68. Kg5 Kb6 69. Kf6 Kc5 70. Bd3 Kb6 71. Ke7 Bc8 72. Be2 Bf5 73. Kf6 Bd7 74. Bd3 Kc7 75. Kg5 Kb6 76. Kh4 Kc5 77. Be2 Kb6 78. Bxg4 Bxb5 79. Bh5 Bd7 80. Bg4 Bb5 81. Bf3 Bd7 82. Kg5 Kc5 83. Be4 Kd4 84. Kf4 Kc5 85. Bf5 Be8 86. g4 Kd6 87. Kg5 Ke7 88. Kh6 Kf8 89. Be6 Ke7 90. Bf5 Kd6 91. g5 Ke5 92. Bg6 Bd7 93. Bd3 Be8 94. Be2 Kf5 95. Bh5 Bd7 96. Bf7 1-0

[Event "SS Manhem GM"]
[Site "Goeteborg SWE"]
[Date "2017.08.18"]
[Round "9.4"]
[White "Johansson, Linus"]
[Black "Golubka, Petro"]
[Result "1-0"]
[WhiteElo "2459"]
[BlackElo "2445"]
[WhiteFideId "-1"]
[BlackFideId "-1"]
[PlyCount "76"]
[GameId "2129404769580891"]
[EventDate "2017.08.11"]
[EventType "tourn"]
[EventRounds "9"]
[EventCountry "SWE"]
[EventCategory "8"]
[SourceTitle "10 Days #517"]
[Source "Chess Mix"]
[SourceDate "2017.09.01"]
[SourceVersion "1"]
[SourceVersionDate "2017.09.01"]
[SourceQuality "1"]
[WhiteClock "0:26:10"]
[BlackClock "0:18:21"]

1. d4 d5 2. c4 c6 3. cxd5 cxd5 4. Nc3 Nc6 5. Bf4 Nf6 6. e3 a6 7. Bd3 Bg4 8. Nge2 Bxe2 9. Qxe2 e6 10. O-O Bd6 11. Bxd6 Qxd6 12. a3 O-O 13. Na4 e5 14. dxe5 Nxe5 15. Bf5 g6 16. Bh3 Ne4 17. g3 Qc6 18. Qd1 Nd2 19. Nc3 Nxf1 20. Bxf1 Rfd8 21. Bg2 Rac8 22. Nxd5 Qc2 23. f4 Qxd1+ 24. Rxd1 Nc6 25. e4 Kf8 26. Bh3 Rb8 27. Rc1 f5 28. Nc7 Rd2 29. exf5 gxf5 30. Ne6+ Kf7 31. Bxf5 h6 32. Bg4 Rxb2 33. Rd1 Ke7 34. Re1 Kf7 35. f5 Rg8 36. Bh5+ Kf6 37. Nc5 Nd4 38. Nd7+ Kg7 1-0

[Event "Titled Tuesday 2017.08.01"]
[Site "Chess.com INT"]
[Date "2017.08.01"]
[Round "1"]
[White "Arnold, Ken"]
[Black "Golubka, Petro"]
[Result "0-1"]
[WhiteElo "2177"]
[BlackElo "2445"]
[WhiteFideId "-1"]
[BlackFideId "-1"]
[PlyCount "96"]
[GameId "1515668447678464"]
[EventDate "2017.08.01"]
[EventType "swiss (blitz)"]
[EventRounds "10"]
[EventCountry "NET"]
[SourceTitle "EXT 2021"]
[Source "ChessBase"]
[SourceDate "2020.10.23"]
[SourceVersion "1"]
[SourceVersionDate "2020.10.23"]
[SourceQuality "1"]

1. d4 d5 2. Nf3 e6 3. g3 c5 4. dxc5 Bxc5 5. Bg2 Nc6 6. O-O Nf6 7. a3 a5 8. Nbd2 a4 9. b4 axb3 10. cxb3 O-O 11. Bb2 Bb6 12. b4 Re8 13. Nb3 Bd7 14. Rc1 Qe7 15. Nfd4 Ne5 16. Nc5 Nc4 17. Rxc4 dxc4 18. Nxb7 Nd5 19. Nf5 exf5 20. Qxd5 Qxe2 21. Qxd7 Qxb2 22. Nd6 Re1 23. Qxf7+ Kh8 24. Qxf5 Rxf1+ 25. Bxf1 c3 26. Nf7+ Kg8 27. Bc4 Qxf2+ 28. Qxf2 Bxf2+ 29. Kxf2 c2 30. Ne5+ Kf8 31. Nd3 Rxa3 32. Nc1 Ra1 33. Ne2 c1=Q 34. Nxc1 Rxc1 35. Bd3 Rd1 36. Be2 Rh1 37. Kg2 Rb1 38. b5 Rb2 39. Kf2 Ke7 40. h4 Kd6 41. Ke3 Ke5 42. Bd3 h6 43. h5 Rb3 44. g4 Ra3 45. Kd2 Kd4 46. Be2 Ra2+ 47. Ke1 Ke3 48. Bd1 Ra1 0-1

[Event "Titled Tuesday 2017.08.01"]
[Site "Chess.com INT"]
[Date "2017.08.01"]
[Round "2"]
[White "Kovalenko, Igor"]
[Black "Golubka, Petro"]
[Result "1-0"]
[WhiteElo "2640"]
[BlackElo "2445"]
[WhiteFideId "-1"]
[BlackFideId "-1"]
[PlyCount "63"]
[GameId "1515668447895552"]
[EventDate "2017.08.01"]
[EventType "swiss (blitz)"]
[EventRounds "10"]
[EventCountry "NET"]
[SourceTitle "EXT 2021"]
[Source "ChessBase"]
[SourceDate "2020.10.23"]
[SourceVersion "1"]
[SourceVersionDate "2020.10.23"]
[SourceQuality "1"]

1. e4 e5 2. Bc4 Nc6 3. d3 Nf6 4. Nf3 Bc5 5. c3 Bb6 6. a4 a6 7. Bg5 h6 8. Bh4 g5 9. Bg3 d6 10. b4 Qe7 11. Nbd2 Bd7 12. h3 Rg8 13. Nf1 h5 14. Qb3 h4 15. Bh2 Rg7 16. a5 Ba7 17. Ra2 Nh5 18. Ne3 Bxe3 19. fxe3 g4 20. hxg4 Rxg4 21. Rf2 Be6 22. Bd5 O-O-O 23. b5 Bxd5 24. Qxd5 axb5 25. Qxb5 Nb8 26. Rhf1 f6 27. Kd2 Rdg8 28. Ne1 c5 29. Rf5 Ng7 30. Rxf6 Qd7 31. Qc4 Nc6 32. Qxg8+ 1-0

[Event "Dobczyce Dominik Memorial 25th"]
[Site "Dobczyce"]
[Date "2017.07.15"]
[Round "5"]
[White "Golubka, Petro"]
[Black "Kyc, Jerzy"]
[Result "1/2-1/2"]
[WhiteElo "2443"]
[BlackElo "2210"]
[WhiteFideId "-1"]
[BlackFideId "-1"]
[PlyCount "35"]
[GameId "1150467389345792"]
[EventDate "2017.07.13"]
[EventType "swiss"]
[EventRounds "7"]
[EventCountry "POL"]
[SourceTitle "EXT 2018"]
[Source "ChessBase"]
[SourceDate "2017.10.13"]
[SourceVersion "1"]
[SourceVersionDate "2017.10.13"]
[SourceQuality "1"]

1. b3 Nf6 2. Bb2 d5 3. e3 Nbd7 4. c4 c6 5. Nf3 e6 6. Qc2 Bd6 7. Nc3 a6 8. d4 b5 9. Bd3 Bb7 10. c5 Bc7 11. a3 O-O 12. b4 e5 13. dxe5 Nxe5 14. Nxe5 Bxe5 15. Ne2 Re8 16. Bxe5 Rxe5 17. O-O Qc7 18. Nd4 1/2-1/2

[Event "Dobczyce Dominik Memorial 25th"]
[Site "Dobczyce"]
[Date "2017.07.15"]
[Round "6"]
[White "Swiech, Przemyslaw"]
[Black "Golubka, Petro"]
[Result "1/2-1/2"]
[WhiteElo "2176"]
[BlackElo "2443"]
[WhiteFideId "-1"]
[BlackFideId "-1"]
[PlyCount "35"]
[GameId "1150467389362176"]
[EventDate "2017.07.13"]
[EventType "swiss"]
[EventRounds "7"]
[EventCountry "POL"]
[SourceTitle "EXT 2018"]
[Source "ChessBase"]
[SourceDate "2017.10.13"]
[SourceVersion "1"]
[SourceVersionDate "2017.10.13"]
[SourceQuality "1"]

1. d4 d5 2. c4 e6 3. Nc3 c5 4. cxd5 exd5 5. Nf3 Nc6 6. e3 Nf6 7. Be2 Bd6 8. O-O O-O 9. Nb5 Be7 10. dxc5 Bxc5 11. b3 Bg4 12. Bb2 Ne4 13. Nfd4 Bd7 14. Bf3 Ne5 15. Nc3 Bxd4 16. Bxe4 Bxc3 17. Bxc3 dxe4 18. Bxe5 1/2-1/2

[Event "Dobczyce Dominik Memorial 25th"]
[Site "Dobczyce"]
[Date "2017.07.16"]
[Round "7"]
[White "Golubka, Petro"]
[Black "Polok, Kacper"]
[Result "1-0"]
[WhiteElo "2443"]
[BlackElo "2299"]
[WhiteFideId "-1"]
[BlackFideId "-1"]
[PlyCount "125"]
[GameId "1150467389382656"]
[EventDate "2017.07.13"]
[EventType "swiss"]
[EventRounds "7"]
[EventCountry "POL"]
[SourceTitle "EXT 2018"]
[Source "ChessBase"]
[SourceDate "2017.10.13"]
[SourceVersion "1"]
[SourceVersionDate "2017.10.13"]
[SourceQuality "1"]

1. e4 e6 2. d4 d5 3. Bd3 Nf6 4. e5 Nfd7 5. Nf3 c5 6. c3 Nc6 7. O-O Be7 8. Re1 g5 9. dxc5 g4 10. Nd4 Nxc5 11. Bb5 Bd7 12. Qxg4 Qb6 13. Nd2 Nxe5 14. Bxd7+ Ncxd7 15. Qe2 O-O-O 16. N2f3 Nxf3+ 17. Qxf3 Bc5 18. Nb3 Bd6 19. Bf4 Bxf4 20. Qxf4 f6 21. Rad1 Rhe8 22. Qh4 Kb8 23. Qxh7 Qd6 24. h3 Ne5 25. Qh4 Rh8 26. Qxf6 Rh5 27. Nd4 Rg8 28. Nb5 Rf8 29. Qg7 Nf3+ 30. gxf3 Qf4 31. h4 a6 32. Rd4 Qxf3 33. Qg3+ e5 34. Qxf3 Rxf3 35. Rxd5 axb5 36. Rdxe5 Rxh4 37. R1e4 Rh7 38. Rxb5 Rhf7 39. Re2 Rg7+ 40. Kf1 Rd3 41. Rc2 Rd1+ 42. Ke2 Rgg1 43. a4 Rge1+ 44. Kf3 Rd8 45. Rb4 Kc7 46. Rd4 Rf8+ 47. Rf4 Rd8 48. Rg4 Rd3+ 49. Kg2 Kd6 50. Rd4+ Rxd4 51. cxd4 Ra1 52. Rc4 b5 53. axb5 Kd5 54. b3 Ra7 55. f3 Rb7 56. Kf2 Re7 57. b6 Rb7 58. Rb4 Ke6 59. f4 Kd5 60. Kf3 Kc6 61. f5 Kd6 62. Kf4 Ke7 63. Ke5 1-0

[Event "Krakow int."]
[Site "Krakow POL"]
[Date "2017.07.01"]
[Round "1.4"]
[White "Litwiniuk, Piotr"]
[Black "Golubka, Petro"]
[Result "0-1"]
[WhiteElo "1682"]
[BlackElo "2443"]
[WhiteFideId "-1"]
[BlackFideId "-1"]
[PlyCount "78"]
[GameId "2130307631956296"]
[EventDate "2017.07.01"]
[EventType "swiss"]
[EventRounds "7"]
[EventCountry "POL"]
[SourceTitle "The Week in Chess 1183"]
[Source "Mark Crowther"]
[SourceDate "2017.07.10"]
[SourceVersion "1"]
[SourceVersionDate "2017.07.10"]
[SourceQuality "2"]

1. d4 Nf6 2. Nf3 e6 3. e3 c5 4. Bd3 d5 5. b3 Nc6 6. Bb2 Bd6 7. O-O O-O 8. Nbd2 Nb4 9. Be2 b6 10. a3 Nc6 11. Ne5 Bb7 12. f4 cxd4 13. exd4 Ne7 14. Bd3 Ne4 15. Qe2 f5 16. Rf3 Ng6 17. Raf1 Nxe5 18. fxe5 Be7 19. Bxe4 dxe4 20. Rh3 Qe8 21. c4 Rd8 22. b4 Bg5 23. Rc3 Rxd4 24. Nb3 Rd8 25. c5 f4 26. Qc2 Ba6 27. Qxe4 Bxf1 28. Kxf1 Qb5+ 29. Qc4 Qxc4+ 30. Rxc4 Rd1+ 31. Ke2 f3+ 32. gxf3 Rh1 33. Bc1 Rxh2+ 34. Kf1 Bxc1 35. Nxc1 bxc5 36. bxc5 Rxf3+ 37. Kg1 Rff2 38. Nd3 Rc2 39. Re4 Rhd2 0-1